Synchrónna dynamika slov zakončených na -izmus/-stvo v textoch slovenského národného korpusu

Bibliographic Details
Main Author: Šimková, Mária (Author)
Format: Electronic Article
Language:English
Subjects:
Online Access:https://www.juls.savba.sk/ediela/jc/

MARC

LEADER 00000nab a2200000 r4500
001 vtls012229918
003 SK-MaSNL
005 20260303191038.0
008 230518c2018 xo |r|p|||an |000 b|eng
015 |a SNBRB2023/05 
038 |a SPK 
040 |a SPKCL  |b slo  |e rda 
041 0 |a eng  |b eng 
044 |a xo  |c SK 
072 7 |a 81  |x Lingvistika. Jazyky  |2 konspekt 
080 |a 81'373  |2 2011 
080 |a 811.162.4  |2 2011 
100 1 |a Šimková, Mária  |4 aut  |9 318564 
245 1 0 |a Synchrónna dynamika slov zakončených na -izmus/-stvo v textoch slovenského národného korpusu  |c Mária Šimková 
300 |b Tabuľky 
336 |a text  |b txt  |2 rdamedia 
337 |a počítač  |2 rdamedia 
338 |a online zdroj  |b cr  |2 rdacarrier 
504 |a Obsahuje bibliografiu a bibliografické odkazy 
546 |a Anglické resumé 
650 0 7 |a lexikológia  |2 SNKPH  |9 866 
650 0 7 |a slovenčina  |2 SNKPH  |9 1350 
773 0 |t Jazykovedný časopis  |g Roč. 69, č. 3 (2018), s. 560-571  |x 1337-8899 
787 0 8 |i Recenzia  |w vtls 
852 |a SPK  |b KIS3GCP 
856 4 1 |u https://www.juls.savba.sk/ediela/jc/ 
958 |a NB  |2 spk 
999 |c 2139228  |d 2141158